000 00867nam a2200301Ia 4500
003 OSt
005 20220912150428.0
006 a|||||r|||| 00| 0
007 ta
008 220909b |||||||| |||| 00| 0 eng d
024 _a21313
037 _cTextual
040 _aCSL
_beng
_cCSL
041 _aeng
082 _aB28930bX:89A, M5
100 _aMcClain John O
245 0 _aOperations management:production of goods and services
250 _a2
260 _aEnglewood
_bCliffs Prentice Hall
_c1985
300 _axv, 701p.
_ccm.
500 _aIncludes bibliographical references.
650 _a Operations research
650 _a Production management
650 _aProduction management
700 _a Thomas L Joseph
942 _hB28930bX:89A, M5
_cTEXL
_2CC
999 _c47299
_d47299